000 00411nam a22001697a 4500
003 MACL
005 20160203161627.0
008 160203b xxu||||| |||| 00| 0 eng d
040 _cMACL
041 _aEnglish
082 _a780/VAI
100 _aVaidyanathan,Saroja
_936715
245 _aClassical Dances of India
260 _aNew Delhi
_bGanesa Natyalaya
_c2004
650 _aDance
_936716
942 _2ddc
_cBK
999 _c53126
_d53126